| 000 | 00487nam a2200181Ia 4500 | ||
|---|---|---|---|
| 005 | 20260122095423.0 | ||
| 008 | 260121s9999||||xx |||||||||||||| ||und|| | ||
| 020 | _a9780691175164 | ||
| 082 |
_a330.1 _bTIR |
||
| 100 | _aTirole, Jean | ||
| 245 | 0 | _aEconomics for the common good / | |
| 260 |
_aNew Jersey : _bPrinceton University Press, _c2016. |
||
| 300 | _axii, 563 p. ;pbk | ||
| 650 | _ahuman flourishing | ||
| 650 | _asocial connection | ||
| 650 | _asustainability | ||
| 942 | _cTB | ||
| 999 |
_c47540 _d47540 |
||